000 01220cam a2200385 i 4500
001 10390
003 KOSZ 005
005 20200508135839.0
008 071109s1967 pl a f f 001 0 pol
015 _aPB 1967/2481
040 _aWA N
_cWA N
_dKOSZ 005/HR
080 _a531.3
080 _a(07)
100 1 _aZarankiewicz, Kazimierz
_d(1902-1959)
_eAutor
245 1 0 _aMechanika teoretyczna.
_nT. 3,
_pDynamika /
_cKazimierz Zarankiewicz.
246 3 0 _aDynamika.
250 _aWyd. 6.
260 _aWarszawa :
_bPaństwowe Wydawnictwo Naukowe,
_c1967.
300 _a269 s. :
_bil. ;
_c23 cm.
336 _2rdacontent
_aTekst
_btxt
337 _2rdamedia
_aBez urządzenia pośredniczącego
_bn
380 _aKsiążki
380 _aPublikacje dydaktyczne
385 _mPoziom nauczania
_aSzkoły wyższe
388 _a1901-2000
388 _a1945-1989
504 _aIndeks.
650 4 _aMechanika
650 4 _aDynamika
655 4 _aPodręcznik
658 _aFizyka i astronomia
710 2 _aPaństwowe Wydawnictwo Naukowe
_4pbl.
856 _uhttp://koha.tu.koszalin.pl/cgi-bin/koha/opac-detail.pl?biblionumber=10390
_yKatalog online BPK
942 _2UKD
_cKS
999 _c10390
_d10390